[Event "Internationaux de France RAPIDE"]
[Site "Saint-Maur des Fosses, France"]
[Date "2024.06.15"]
[Round "6.8"]
[White "Dourerassou, Jonathan"]
[Black "Guliyev, Namig"]
[Result "1-0"]
[WhiteElo "2422"]
[BlackElo "2486"]
[PlyCount "121"]
[EventDate "2024.??.??"]

1. e4 c5 {3} 2. Nf3 {1} a6 {5} 3. c3 {3} d5 {5} 4. exd5 {2} Qxd5 {1} 5. d4 {1}
Bg4 {26} 6. Be2 {3} e6 {11} 7. Be3 {8} Nf6 {15} 8. dxc5 {66} Ne4 {54} 9. Nbd2 {
100} Nxc5 {28} 10. Bxc5 {4} Bxf3 {21} 11. Bxf3 {17} Qxc5 {2} 12. Bxb7 {10} Ra7
{23} 13. Qa4+ {9} Qb5 {79} 14. Qxb5+ {14} axb5 {2} 15. Bf3 {2} Bd6 {13} 16. Be2
{6} Rb7 {19} 17. Ne4 {2} Be5 {15} 18. O-O-O {76} Ke7 {8} 19. g3 {19} f5 {35}
20. Nc5 {3} Rc7 {2} 21. Nd3 {7} Bd6 {15} 22. a3 {8} Nd7 {7} 23. f4 {10} Nb6 {46
} 24. Nb4 {35} Nc4 {33} 25. Rhe1 {3} Ne3 {89} 26. Rd3 {9} Nc4 {4} 27. Nc2 {23}
Bc5 {66} 28. Kb1 {32} g5 {77} 29. fxg5 {31} Rg8 {35} 30. h4 {9} Ne5 {2} 31.
Rdd1 {52} Bf2 {1} 32. Rh1 {11} Bxg3 {5} 33. Nd4 {15} Rb8 {17} 34. Bxb5 {21} Rb6
{95} 35. a4 {8} Ng4 {4} 36. Ne2 {59} Be5 {63} 37. Rd2 {63} Nf2 {4} 38. Re1 {13}
Ne4 {2} 39. Rd3 {2} Nd6 {30} 40. Re3 {77} Bg7 {39} 41. Nf4 {54} Ne4 {5} 42. Rd1
{34} Be5 {2} 43. Ne2 {1} Rd6 {14} 44. Rxd6 {7} Bxd6 {2} 45. Bd3 {5} Nc5 {4} 46.
Bxf5 {10} Ra7 {6} 47. Nd4 {13} Rxa4 {3} 48. Nxe6 {7} Kf7 {1} 49. Nd4 {8} Ra7 {7
} 50. Bxh7 {3} Kg7 {1} 51. Bc2 {3} Bf4 {2} 52. Rf3 {3} Be5 {3} 53. Nf5+ {3} Kh8
{2} 54. Nh6 {3} Bg7 {2} 55. Nf7+ {5} Kg8 56. g6 {2} Re7 {3} 57. b4 {5} Re1+ {1}
58. Kb2 {1} Ne4 {8} 59. h5 {14} Nxc3 {4} 60. h6 {8} Nd1+ {8} 61. Kb3 {14} 1-0

[Event "Internationaux de France RAPIDE"]
[Site "Saint-Maur des Fosses, France"]
[Date "2024.06.15"]
[Round "7.1"]
[White "Fressinet, Laurent"]
[Black "Bellahcene, Bilel"]
[Result "1-0"]
[WhiteElo "2633"]
[BlackElo "2544"]
[PlyCount "45"]
[EventDate "2024.??.??"]

1. d4 {2} e6 {8} 2. Nf3 {3} Nf6 {2} 3. g3 {14} d5 {6} 4. Bg2 {2} b5 {3} 5. O-O
{8} Be7 {7} 6. a4 {2} b4 {1} 7. c4 {1} bxc3 {2} 8. Nxc3 {2} O-O {37} 9. Ne5 {74
} Ba6 {113} 10. Bf4 {56} Nfd7 {13} 11. Nb5 {119} c6 {152} 12. Nxd7 {10} Nxd7 {2
} 13. Nc7 {6} g5 {2} 14. Bxg5 {123} Bxg5 {63} 15. Nxa6 {2} Qb6 {4} 16. Qd3 {6}
c5 {144} 17. a5 {74} Qxb2 {139} 18. Nxc5 {78} Nxc5 {5} 19. dxc5 {2} Rac8 {68}
20. Rab1 {12} Qa2 {45} 21. e4 {132} dxe4 {33} 22. Bxe4 {19} Rxc5 {2} 23. Bxh7+
{7} 1-0

[Event "Internationaux de France RAPIDE"]
[Site "Saint-Maur des Fosses, France"]
[Date "2024.06.15"]
[Round "7.2"]
[White "Velten, Paul"]
[Black "Lagarde, Maxime"]
[Result "0-1"]
[WhiteElo "2504"]
[BlackElo "2604"]
[PlyCount "78"]
[EventDate "2024.??.??"]

1. d4 {3} Nf6 {3} 2. c4 {2} g6 {1} 3. Nc3 {3} d5 {2} 4. cxd5 {2} Nxd5 {2} 5. e4
{1} Nxc3 {2} 6. bxc3 {2} Bg7 {1} 7. Nf3 {2} c5 {1} 8. Bb5+ {2} Nc6 {1} 9. Rb1 {
2} O-O {17} 10. d5 {2} Ne5 {7} 11. O-O {3} a6 {73} 12. Be2 {3} b5 {32} 13. Nxe5
{37} Bxe5 {2} 14. c4 {10} Qd6 {76} 15. g3 {86} Bd4 {151} 16. Bb2 {45} e5 {22}
17. Bxd4 {8} cxd4 {18} 18. Qd2 {60} bxc4 {23} 19. Bxc4 {1} Bh3 {150} 20. Rfc1 {
10} Rfc8 {21} 21. Bf1 {172} Bxf1 {128} 22. Kxf1 {2} Qa3 {22} 23. Kg2 {2} Kg7 {
29} 24. Qg5 {33} Qd6 {2} 25. Rb7 {18} h6 {35} 26. Qd2 {15} Qa3 {21} 27. Rcb1 {
70} Rc3 {39} 28. Rd7 {18} Rac8 {46} 29. Rbb7 {11} Rf3 {2} 30. d6 {58} Rf6 {3}
31. f4 {113} exf4 {29} 32. Qxd4 {4} Qxa2+ {2} 33. Kh3 {2} Qe6+ {2} 34. g4 {18}
Kg8 {13} 35. Re7 {12} Qxd6 {12} 36. Qxd6 {25} Rc3+ {6} 37. Kg2 {9} Rxd6 38. Kf2
{14} Rd2+ {2} 39. Ke1 {7} Rxh2 {2} 0-1

[Event "Internationaux de France RAPIDE"]
[Site "Saint-Maur des Fosses, France"]
[Date "2024.06.15"]
[Round "7.3"]
[White "Droin, Augustin"]
[Black "Moussard, Jules"]
[Result "1/2-1/2"]
[WhiteElo "2480"]
[BlackElo "2610"]
[PlyCount "169"]
[EventDate "2024.??.??"]

1. e4 {1} c5 {2} 2. Nf3 {1} e6 3. d4 {11} cxd4 {2} 4. Nxd4 {2} Nc6 {1} 5. Bf4 {
7} d6 {20} 6. Nxc6 {2} bxc6 {1} 7. c4 Rb8 {7} 8. Qc2 Ne7 {5} 9. Nc3 {1} c5 {10}
10. O-O-O {2} Nc6 {3} 11. e5 {1} Bd7 {42} 12. exd6 {120} g5 {3} 13. Be3 {15}
Bg7 {2} 14. Nb5 {321} Qa5 {280} 15. a3 {79} a6 {30} 16. Bd2 Qb6 {1} 17. Bc3 {3}
e5 {57} 18. Nc7+ {3} Kf8 {2} 19. Nd5 {19} Qd8 {6} 20. Bd3 {42} Be6 {29} 21. Nc7
{84} Nd4 {54} 22. Bxd4 {1} exd4 {3} 23. Nxe6+ {6} fxe6 {1} 24. h4 {2} gxh4 {16}
25. Rde1 {2} Qxd6 {11} 26. Rxh4 {4} h5 {25} 27. Qe2 {42} Rh6 {2} 28. g3 {48}
Rb3 {12} 29. Rf4+ {14} Kg8 {8} 30. Rf3 {8} Rb8 {19} 31. Rf4 {33} Rb3 {7} 32.
Qc2 {4} Rb8 {6} 33. Rfe4 {1} Rf8 {21} 34. Qe2 {4} e5 {6} 35. Kb1 {17} Qf6 {4}
36. f4 {1} exf4 {4} 37. Rxf4 Qg5 {2} 38. Ref1 {33} Rb8 {81} 39. Qf3 {13} Rhb6 {
50} 40. Rf2 {1} Rd6 {96} 41. Rf5 {47} Qe3 {2} 42. Rxh5 {6} Qxf3 {39} 43. Bh7+
Kf7 {15} 44. Rxf3+ {1} Rf6 {32} 45. Rxf6+ {14} Bxf6 46. Bd3 {15} Rg8 {5} 47.
Rxc5 {1} Rxg3 48. Be4 Re3 {5} 49. Bf5 {4} Be5 {8} 50. Rd5 {2} Kf6 51. Bc2 {2}
Ke6 {5} 52. a4 {2} Re1+ {2} 53. Ka2 Re2 {1} 54. Bb3 {5} d3 {5} 55. Rxd3 {2}
Rxb2+ {2} 56. Ka3 Rf2 {2} 57. c5+ {1} Ke7 {1} 58. a5 {14} Bc7 {2} 59. Ka4 {7}
Rf4+ {1} 60. Ka3 {1} Bxa5 {1} 61. c6 {3} Bb4+ {3} 62. Kb2 {4} Bd6 {2} 63. Bd1 {
2} a5 {5} 64. Bc2 {1} a4 {2} 65. Ka2 {4} Rf2 {2} 66. Kb1 {3} Rf4 {4} 67. Ka2 {3
} Rc4 68. Bd1 {2} a3 {10} 69. Re3+ {9} Kd8 {1} 70. Bb3 {5} Rd4 {3} 71. Re2 {1}
Kc7 {2} 72. Rc2 Rf4 {3} 73. Bd5 Rf1 {4} 74. Bc4 {1} Re1 {2} 75. Bd5 {1} Re7 {3}
76. Bb3 {1} Kb6 77. Bd5 Kb5 78. c7 {3} Bxc7 {3} 79. Kxa3 {1} Re3+ {1} 80. Ka2 {
1} Be5 {1} 81. Rc8 {14} Kb4 {2} 82. Bg8 {6} Re2+ {6} 83. Kb1 Rg2 {6} 84. Kc1 {2
} Bf4+ {5} 85. Kd1 1/2-1/2

[Event "Internationaux de France RAPIDE"]
[Site "Saint-Maur des Fosses, France"]
[Date "2024.06.15"]
[Round "7.4"]
[White "Yuffa, Daniil"]
[Black "Fruchard, Cyrille"]
[Result "1-0"]
[WhiteElo "2609"]
[BlackElo "2299"]
[PlyCount "85"]
[EventDate "2024.??.??"]

1. d4 {4} d5 {2} 2. c4 {2} e6 {1} 3. Nf3 {2} Nf6 {1} 4. g3 {3} Be7 {5} 5. Bg2 {
2} O-O {4} 6. Qc2 {2} c6 {7} 7. O-O {4} Nbd7 {4} 8. b3 {7} b5 {20} 9. c5 {65}
Ne4 {33} 10. Bb2 {9} a5 {11} 11. a3 {31} Qc7 {35} 12. Nbd2 {46} f5 {76} 13. b4
{2} Bf6 {24} 14. Ne1 {55} e5 {31} 15. dxe5 {40} Nxe5 {10} 16. Nb3 {51} a4 {45}
17. Na5 {41} Nc4 {43} 18. Nxc4 {16} bxc4 {4} 19. Bxf6 {23} Rxf6 {20} 20. Nf3 {3
} Bd7 {61} 21. Nd4 {9} Kh8 {71} 22. e3 {67} Qa7 {32} 23. Rae1 {16} Ng5 {34} 24.
Ne2 {57} Rff8 {73} 25. f3 {14} Be8 {63} 26. Nc3 {58} Bg6 {10} 27. Qd2 {15} Ne6
{60} 28. Qd1 {34} Rfd8 {7} 29. Rf2 {18} Qe7 {16} 30. Nxa4 {70} Ra6 31. Nb6 {79}
Rxa3 {5} 32. e4 {23} dxe4 {37} 33. Qc1 {4} Rad3 {18} 34. fxe4 {8} fxe4 {4} 35.
Nxc4 {15} R8d4 {25} 36. Ne5 {14} e3 {45} 37. Ra2 {12} e2 {21} 38. Raxe2 {11}
Bf5 {12} 39. Nxc6 {16} Qd7 {1} 40. Ne5 {6} Qc8 {6} 41. Nxd3 {4} Rxd3 42. Qc4 {
10} Nc7 {30} 43. Qf7 {16} 1-0

[Event "Internationaux de France RAPIDE"]
[Site "Saint-Maur des Fosses, France"]
[Date "2024.06.15"]
[Round "7.5"]
[White "Chabanon, Jean-Luc"]
[Black "Dourerassou, Jonathan"]
[Result "0-1"]
[WhiteElo "2337"]
[BlackElo "2422"]
[PlyCount "84"]
[EventDate "2024.??.??"]

1. Nf3 Nf6 {2} 2. g3 {9} g6 {2} 3. Bg2 {5} d5 {2} 4. O-O {8} Bg7 {2} 5. c4 {12}
O-O {4} 6. cxd5 {41} Nxd5 {5} 7. d4 {7} Nc6 {28} 8. e4 {37} Nb6 {6} 9. d5 {13}
Ne5 {2} 10. Nxe5 {32} Bxe5 {2} 11. Nc3 {6} e6 {9} 12. Qb3 {98} exd5 {19} 13.
exd5 {8} a5 {42} 14. a4 {23} Bf5 {3} 15. Be3 {46} Qd6 {76} 16. Qb5 {121} Bd7 {
43} 17. Qe2 {119} Rfe8 {72} 18. Nb5 {87} Qb4 {42} 19. d6 {3} Bxd6 {193} 20.
Nxd6 {25} cxd6 {3} 21. Bxb7 {34} Rab8 {1} 22. Bg2 {55} Nc4 {3} 23. Bd5 {31}
Nxe3 {67} 24. fxe3 {2} Be6 25. Bxe6 {6} Rxe6 {2} 26. Rf2 {2} Qe4 {12} 27. Rd1 {
29} Qxa4 {7} 28. Rd4 {6} Qb3 {32} 29. Qf3 {13} Rxe3 {26} 30. Qf4 {3} Re1+ {6}
31. Kg2 {2} Qb7+ {2} 32. Kh3 {6} Qd7+ {4} 33. Kg2 {10} Qb7+ {8} 34. Kh3 {2} Re5
{4} 35. Qf6 {19} Rh5+ {10} 36. Rh4 {2} Qd7+ {2} 37. Kg2 Rxh4 {6} 38. Qxh4 {1}
Qe6 {7} 39. Qd4 {12} h5 {10} 40. Qc3 {6} Qd5+ {3} 41. Kh3 {3} h4 {48} 42. gxh4
{21} Rb3 {3} 0-1

[Event "Internationaux de France RAPIDE"]
[Site "Saint-Maur des Fosses, France"]
[Date "2024.06.15"]
[Round "7.6"]
[White "Guliyev, Namig"]
[Black "Mullon, Jean-Baptiste"]
[Result "1-0"]
[WhiteElo "2486"]
[BlackElo "2293"]
[PlyCount "77"]
[EventDate "2024.??.??"]

1. e4 {806} c5 {3} 2. Nf3 {2} d6 {2} 3. Bb5+ {2} Bd7 {9} 4. Bxd7+ {5} Qxd7 {3}
5. c3 {2} Nf6 {24} 6. Qe2 {2} e6 {10} 7. d4 {5} cxd4 {7} 8. cxd4 {3} d5 {4} 9.
e5 {1} Ne4 {4} 10. O-O {3} Nc6 {5} 11. Be3 {2} Be7 {60} 12. Ne1 {3} f6 {55} 13.
f3 {5} Ng5 {3} 14. Nd3 {13} O-O {42} 15. Nd2 {6} Nf7 {56} 16. f4 {15} b6 {15}
17. h3 {4} Rac8 {15} 18. Nf3 {35} Rc7 {154} 19. Bf2 {153} f5 {24} 20. g4 {26}
fxg4 {22} 21. hxg4 {2} Nh6 {5} 22. Nfe1 {54} Nb4 {18} 23. Nxb4 {19} Bxb4 {1}
24. Nd3 {2} Be7 {4} 25. Be3 {11} Rfc8 {180} 26. f5 {5} exf5 {54} 27. Bxh6 {5}
gxh6 {2} 28. gxf5 {3} Bg5 {14} 29. Kh1 {78} Rc2 {32} 30. Qf3 {27} Kh8 {18} 31.
e6 {62} Qe8 {56} 32. Ne5 {12} Rxb2 {32} 33. Nf7+ {23} Kg8 {19} 34. Rg1 {12} Qe7
{27} 35. f6 {63} Qc7 {7} 36. Nxh6+ {32} Kf8 {17} 37. e7+ {5} Ke8 {5} 38. Qh5+ {
9} Kd7 {2} 39. Qh3+ {22} 1-0

[Event "Internationaux de France RAPIDE"]
[Site "Saint-Maur des Fosses, France"]
[Date "2024.06.15"]
[Round "7.7"]
[White "Stephan, Victor"]
[Black "Relange, Eloi"]
[Result "0-1"]
[WhiteElo "2296"]
[BlackElo "2442"]
[PlyCount "64"]
[EventDate "2024.??.??"]

1. d4 {4} Nf6 {3} 2. c4 {2} g6 {2} 3. Nc3 {5} Bg7 {2} 4. e4 {4} d6 {5} 5. Nf3 {
2} O-O {3} 6. Be2 {1} e5 {3} 7. dxe5 {4} dxe5 {6} 8. Qxd8 {2} Rxd8 {4} 9. Nd5 {
2} Nxd5 {78} 10. cxd5 {2} c6 {41} 11. Bc4 {2} cxd5 {108} 12. Bxd5 {2} Nc6 {10}
13. Bg5 {5} Re8 {6} 14. O-O-O {6} a5 {82} 15. Kb1 {96} a4 {32} 16. Nd2 {66} Nb4
{60} 17. Bc4 {9} Be6 {5} 18. a3 {13} Nc6 {7} 19. Bxe6 {18} Rxe6 {2} 20. Nc4 {13
} Nd4 {189} 21. Be3 {52} Rc8 {54} 22. Nxe5 {60} Nc2 {3} 23. Nc4 {77} Nxe3 {15}
24. Nxe3 {2} Rxe4 {6} 25. Rd7 {40} b6 {22} 26. Nd5 {48} Rce8 {10} 27. Nxb6 {41}
Rb8 {22} 28. Rd6 {3} Re2 {13} 29. Nxa4 {23} Bxb2 {43} 30. Rb6 {43} Rxb6 {3} 31.
Nxb6 {1} Bxa3 {1} 32. Rf1 {64} Rb2+ {34} 0-1

[Event "Internationaux de France RAPIDE"]
[Site "Saint-Maur des Fosses, France"]
[Date "2024.06.15"]
[Round "7.8"]
[White "Shirazi, Kamran"]
[Black "Solodovnichenko, Yuri"]
[Result "0-1"]
[WhiteElo "2268"]
[BlackElo "2481"]
[PlyCount "115"]
[EventDate "2024.??.??"]

1. e3 {5} Nf6 {20} 2. d4 {5} e6 {15} 3. Ne2 {20} b6 {34} 4. c4 {6} Bb7 {2} 5.
Nbc3 {2} d5 {26} 6. cxd5 {14} Nxd5 {3} 7. e4 {9} Nf6 {16} 8. f3 {2} Be7 {32} 9.
Be3 {15} Nbd7 {4} 10. Qa4 {52} O-O {13} 11. Rd1 {36} Qc8 {11} 12. e5 {8} Nd5 {
10} 13. Nxd5 {9} Bxd5 {62} 14. Nc3 {96} Bh4+ {13} 15. Bf2 {45} Bxf2+ {3} 16.
Kxf2 {2} Bb7 {16} 17. Bb5 {14} c6 {8} 18. Bd3 {2} c5 {88} 19. Bb5 {23} Rd8 {11}
20. Rhe1 {51} Nf8 {23} 21. Ne4 {49} a6 {41} 22. Bf1 {15} b5 {108} 23. Qa5 {53}
Bxe4 {43} 24. Rxe4 {5} cxd4 {3} 25. Qd2 {50} Ra7 {177} 26. Bd3 {73} Qc5 {55}
27. Rc1 {52} Qe7 {2} 28. Rc6 {13} Qb7 {41} 29. Qc2 {5} Ng6 {12} 30. Qc5 {49}
Qe7 {22} 31. Rd6 {18} Rc7 {37} 32. Qb6 {23} Nxe5 {24} 33. Rxd8+ {12} Qxd8 {2}
34. Be2 {22} Nc6 {5} 35. Qxa6 {12} d3 {4} 36. Bd1 {15} b4 {6} 37. Qc4 {13} Rc8
{10} 38. Re3 {4} Qb6 {6} 39. Ba4 {21} Ne7 {5} 40. Qxd3 {2} Nd5 {3} 41. Bb3 {5}
Qxe3+ {2} 42. Qxe3 {1} Nxe3 {2} 43. Kxe3 Kf8 {1} 44. Kd4 {31} Ke7 {2} 45. Bc4 {
2} Kd6 {1} 46. Kd3 {4} Kc5 {4} 47. Bb3 {4} Rd8+ {3} 48. Ke2 {2} Kd4 {3} 49. h4
{2} h6 {5} 50. h5 {8} f5 {7} 51. g3 {6} e5 {4} 52. Bc2 {4} e4 {2} 53. f4 {12}
g6 {7} 54. Bb3 {7} gxh5 {2} 55. Be6 {2} Rf8 {2} 56. Kd2 {7} Rf6 {1} 57. Bg8 {3}
Rg6 {2} 58. Be6 {2} 0-1

[Event "Internationaux de France RAPIDE"]
[Site "Saint-Maur des Fosses, France"]
[Date "2024.06.15"]
[Round "8.1"]
[White "Lagarde, Maxime"]
[Black "Fressinet, Laurent"]
[Result "1/2-1/2"]
[WhiteElo "2604"]
[BlackElo "2633"]
[PlyCount "67"]
[EventDate "2024.??.??"]

1. g3 d5 {11} 2. Nf3 {4} Nf6 {11} 3. Bg2 {1} e6 {1} 4. O-O {2} Be7 {1} 5. d3 {2
} O-O {6} 6. Nbd2 {2} a5 {1} 7. a4 {20} Nc6 {24} 8. d4 {21} Ne4 {62} 9. Nxe4 {
80} dxe4 {2} 10. Ne5 {1} Nxe5 {96} 11. dxe5 {2} Qd5 12. Bf4 {80} g5 {33} 13.
Qxd5 {3} exd5 {1} 14. Be3 {1} c6 {72} 15. f3 {32} exf3 {40} 16. exf3 {2} Bf5 {
10} 17. c3 {20} f6 {29} 18. exf6 {13} Bxf6 {2} 19. f4 {10} gxf4 {100} 20. Bxf4
{100} Rae8 {36} 21. Bc7 {206} Bd8 {69} 22. Bxd8 {5} Rxd8 {1} 23. Rae1 {15} Rf7
{54} 24. Rf4 {54} Bc2 {50} 25. Rd4 {1} Rdf8 {8} 26. c4 {26} dxc4 {20} 27. Rxc4
{1} Rf2 {63} 28. b4 {18} Bxa4 {46} 29. bxa5 {10} Bb5 30. Rg4+ {34} Kh8 31. Re7
{65} Ra2 {43} 32. Rf4 {2} Ra1+ {67} 33. Kf2 {4} Ra2+ {3} 34. Kg1 {11} 1/2-1/2

[Event "Internationaux de France RAPIDE"]
[Site "Saint-Maur des Fosses, France"]
[Date "2024.06.15"]
[Round "8.2"]
[White "Solodovnichenko, Yuri"]
[Black "Yuffa, Daniil"]
[Result "1-0"]
[WhiteElo "2481"]
[BlackElo "2609"]
[PlyCount "107"]
[EventDate "2024.??.??"]

1. e4 {1} c5 {6} 2. Nf3 {1} d6 {2} 3. d4 {3} cxd4 {3} 4. Nxd4 Nf6 {1} 5. Nc3 {1
} a6 {2} 6. Bg5 {18} e6 {5} 7. f4 {4} h6 {4} 8. Bh4 {1} Qb6 {2} 9. a3 {4} Nbd7
{20} 10. Bf2 {15} Qc7 {2} 11. Qe2 {66} b5 {105} 12. g4 {26} g5 {44} 13. Bg2 {49
} Bb7 {53} 14. h4 {9} gxf4 {66} 15. g5 {3} Rg8 {33} 16. Bh3 {95} hxg5 {151} 17.
hxg5 {2} Rxg5 {1} 18. Bxe6 {15} Re5 {18} 19. Bxd7+ {27} Qxd7 {44} 20. Nf3 {10}
Re6 {67} 21. Ng5 {2} Re5 {7} 22. Bd4 {46} Rxg5 {52} 23. Bxf6 {2} Rg3 {5} 24.
O-O-O {46} Qe6 {2} 25. Bh4 {47} Re3 {28} 26. Qd2 {54} Rc8 {18} 27. Nd5 {24}
Bxd5 {17} 28. exd5 {1} Qe4 {16} 29. Rhe1 {27} Bg7 {15} 30. Bf2 {27} Bd4 {162}
31. Kb1 Bb6 32. Bxe3 {27} fxe3 {1} 33. Qh2 {3} Ke7 {12} 34. Rd3 {14} Rg8 {17}
35. Re2 {163} Rg5 {10} 36. Qh3 {23} Rg1+ {1} 37. Ka2 {1} Qc4+ {9} 38. b3 {1}
Qf4 {8} 39. Rexe3+ {23} Bxe3 {2} 40. Rxe3+ {1} Kf8 {9} 41. Qh8+ {24} Rg8 42.
Qc3 {2} Rg2 {5} 43. Qh8+ {21} Rg8 {2} 44. Qc3 Rg2 45. Qc8+ {11} Kg7 {1} 46. Re8
{1} Rg6 {9} 47. Rg8+ {18} Kh6 {1} 48. Qh3+ {15} Kg5 {1} 49. Rh8 {10} Kf6 {4}
50. Rh4 {3} Qe5 {6} 51. Qf3+ {17} Kg7 {3} 52. Rh5 {7} Qd4 {7} 53. Qf5 {26} Rg1
{5} 54. Rh7+ {2} 1-0

[Event "Internationaux de France RAPIDE"]
[Site "Saint-Maur des Fosses, France"]
[Date "2024.06.15"]
[Round "8.4"]
[White "Glek, Igor"]
[Black "Guliyev, Namig"]
[Result "0-1"]
[WhiteElo "2391"]
[BlackElo "2486"]
[PlyCount "160"]
[EventDate "2024.??.??"]

1. e4 c5 {1} 2. Nf3 {2} d6 {1} 3. d4 {2} cxd4 {1} 4. Nxd4 {3} Nf6 {2} 5. Nc3 {2
} a6 {1} 6. a4 {1} e6 {10} 7. g3 {13} Nc6 {3} 8. Bg2 {2} Bd7 {2} 9. O-O {21}
Be7 {2} 10. Re1 {17} O-O {4} 11. Nxc6 {3} Bxc6 {3} 12. a5 {22} Rc8 13. Be3 {6}
Qc7 {8} 14. Bb6 {94} Qb8 {57} 15. Nd5 {52} Bxd5 {2} 16. exd5 {1} e5 {1} 17. Bh3
{15} Rc4 {49} 18. b3 {236} Rb4 {77} 19. c4 {66} Bd8 {66} 20. Be3 {1} b6 {5} 21.
axb6 {24} Bxb6 {1} 22. Rxa6 {13} Qb7 {42} 23. Ra3 {109} Rb8 {88} 24. Qa1 {76}
h6 {25} 25. Bxb6 {36} Qxb6 {14} 26. Re3 {19} Qd4 {69} 27. Qxd4 {57} exd4 {2}
28. Rd3 Ne4 {1} 29. Rxd4 {9} Nc5 {2} 30. Rd1 {34} g6 {7} 31. Bf1 {22} Kg7 {30}
32. h4 {6} Kf6 {2} 33. Re1 {13} g5 {11} 34. hxg5+ {4} hxg5 {2} 35. Re3 {13}
R8b7 {60} 36. Rf3+ {9} Kg7 {8} 37. Rf5 {7} f6 {26} 38. Rf3 {2} Nxb3 {81} 39.
Ra6 {8} Nd2 {15} 40. Rd3 {1} Ne4 {1} 41. Rd4 {7} f5 {14} 42. g4 {2} R7b6 {23}
43. Rxb6 {2} Rxb6 {2} 44. gxf5 Nc5 {2} 45. f4 {4} Kf6 {4} 46. fxg5+ {1} Kxg5 {1
} 47. Bh3 {3} Rb1+ {11} 48. Kg2 {2} Rb2+ {6} 49. Kg3 {2} Rb3+ {12} 50. Kg2 {1}
Nd3 {49} 51. Rg4+ {5} Kxf5 {11} 52. Rg3+ {5} Ke4 {10} 53. Kh2 {3} Rb2+ {13} 54.
Bg2+ {1} Kd4 {2} 55. Rg4+ {1} Kc5 {2} 56. Kg3 {2} Ne5 {4} 57. Rg8 {3} Nxc4 {3}
58. Rc8+ {3} Kd4 {2} 59. Rc6 {3} Rb3+ {5} 60. Kf4 {3} Rb2 {6} 61. Bh1 {3} Rf2+
{4} 62. Kg3 {1} Rf6 {1} 63. Bg2 {2} Ne3 {11} 64. Bf3 {4} Nf5+ {9} 65. Kh2 {2}
Ne7 {13} 66. Rc7 {3} Rxf3 {6} 67. Rxe7 Kxd5 {2} 68. Kg2 Rf4 {4} 69. Rd7 {4} Ke5
{3} 70. Kg3 {2} Rf6 {1} 71. Re7+ {5} Kd4 {1} 72. Re1 {4} d5 73. Rd1+ Kc4 {1}
74. Rc1+ Kb3 {5} 75. Rd1 {2} Rd6 76. Kf3 {4} Kc2 {1} 77. Ra1 {12} d4 {2} 78.
Ke4 {3} d3 {2} 79. Ra2+ Kb3 {2} 80. Ra1 {5} d2 {2} 0-1

[Event "Internationaux de France RAPIDE"]
[Site "Saint-Maur des Fosses, France"]
[Date "2024.06.15"]
[Round "8.5"]
[White "Relange, Eloi"]
[Black "Droin, Augustin"]
[Result "1/2-1/2"]
[WhiteElo "2442"]
[BlackElo "2480"]
[PlyCount "81"]
[EventDate "2024.??.??"]

1. d4 {2} Nf6 {2} 2. Nf3 {3} e6 {2} 3. c4 {2} d5 {2} 4. Nc3 {27} c6 {1} 5. e3 {
10} Nbd7 {2} 6. Qc2 {2} Bd6 {2} 7. b3 {31} O-O {3} 8. Bb2 {29} b6 {2} 9. Bd3 {
19} Bb7 {7} 10. O-O {10} c5 {81} 11. cxd5 {73} exd5 {2} 12. Nb5 {29} Be7 {1}
13. Rfd1 {8} a6 {6} 14. Nc3 {2} Re8 {57} 15. dxc5 {159} bxc5 {17} 16. Na4 {16}
g6 {190} 17. Rac1 {13} Rc8 {5} 18. Qe2 {6} Rc6 {18} 19. Ne5 {51} Nxe5 {2} 20.
Bxe5 {2} Bf8 {10} 21. Bb2 {23} d4 {63} 22. Qf3 {5} Rc7 {26} 23. Qh3 {6} Re5 {6}
24. Be2 {57} Rg5 {78} 25. Bf3 {29} Ne4 {1} 26. Kf1 {131} Rf5 {76} 27. Bxe4 {46}
Bxe4 28. exd4 {5} c4 {54} 29. Nc5 {43} Ba8 {3} 30. bxc4 {7} Rh5 {1} 31. Qc3 {20
} Bd6 {98} 32. g4 {65} Rg5 {109} 33. h4 Rxg4 {26} 34. d5 {1} f6 35. Ne6 {5} Qe7
{4} 36. Nxc7 {24} Qe4 {4} 37. Qxf6 {17} Qg2+ {28} 38. Ke2 {1} Qe4+ 39. Kf1 Qg2+
40. Ke2 Qe4+ {9} 41. Kf1 {9} 1/2-1/2

[Event "Internationaux de France RAPIDE"]
[Site "Saint-Maur des Fosses, France"]
[Date "2024.06.15"]
[Round "8.6"]
[White "Moussard, Jules"]
[Black "Gatineau, Yovann"]
[Result "1-0"]
[WhiteElo "2610"]
[BlackElo "2362"]
[PlyCount "93"]
[EventDate "2024.??.??"]

1. e4 {1} e6 {1} 2. d4 {2} d5 {1} 3. Nc3 {3} Nf6 {1} 4. e5 {2} Nfd7 {1} 5. Nce2
{5} c5 {1} 6. c3 Nc6 {1} 7. f4 Be7 {3} 8. Nf3 {2} O-O {7} 9. Be3 {2} b5 {59}
10. dxc5 {5} Bxc5 {2} 11. Ned4 {20} Nxd4 {32} 12. cxd4 {2} Be7 {10} 13. Bd3 {3}
f5 {14} 14. O-O {21} Nb6 {7} 15. b3 {17} Bd7 {19} 16. Qe2 {10} a6 {32} 17. h3 {
3} Kh8 {13} 18. g4 {3} Qe8 {57} 19. Kh2 {12} a5 {27} 20. Bd2 {30} g6 {43} 21.
g5 {160} Kg7 {46} 22. h4 {3} Bc6 {32} 23. Kg3 {9} Qd7 {14} 24. h5 {8} a4 {66}
25. Rh1 {17} Rh8 {18} 26. Qh2 {59} Qb7 {224} 27. Rac1 {31} h6 {84} 28. Qe2 {7}
axb3 {18} 29. axb3 {4} Nc4 {18} 30. hxg6 {12} hxg5 {12} 31. fxg5 {40} Kxg6 {33}
32. Bf4 {14} Rag8 {22} 33. Kf2 {31} Bd8 {21} 34. Rcg1 {29} Bb6 {11} 35. Rh6+ {
12} Rxh6 {23} 36. gxh6+ {1} Kh7 37. Rxg8 {23} Kxg8 {1} 38. Qf1 {3} Qa7 {16} 39.
Qg1+ {17} Kh7 {2} 40. Kg3 {41} Qe7 {17} 41. Ng5+ {16} Kh8 {1} 42. Kh3 {64} Be8
{3} 43. Nxe6 {10} Nb2 {10} 44. Bxf5 {7} Bd7 {5} 45. Bg5 {14} Qf7 {3} 46. Bf6+ {
1} Qg7 {4} 47. Qxg7# {3} 1-0

[Event "Internationaux de France RAPIDE"]
[Site "Saint-Maur des Fosses, France"]
[Date "2024.06.15"]
[Round "8.8"]
[White "Bellahcene, Bilel"]
[Black "Riff, Vincent"]
[Result "1-0"]
[WhiteElo "2544"]
[BlackElo "2367"]
[PlyCount "93"]
[EventDate "2024.??.??"]

1. e4 {809} c5 {1} 2. Nf3 {1} Nc6 3. b4 {2} e5 {6} 4. b5 {3} Nd4 5. c3 {10}
Nxf3+ {3} 6. Qxf3 {1} Nf6 {2} 7. Bc4 {1} d6 8. d3 {5} Be7 {3} 9. Bg5 {53} O-O {
8} 10. Bxf6 {3} Bxf6 {1} 11. O-O {2} g6 {4} 12. a4 {8} Bg7 {2} 13. Bd5 {10} Kh8
{3} 14. Na3 {1} f5 {2} 15. Nc4 {12} fxe4 {49} 16. Qxe4 {2} Rf4 17. Qe2 {7} e4 {
44} 18. Qd2 {31} Bh6 {31} 19. dxe4 {85} Qh4 20. g3 {39} Qh3 {9} 21. Qe2 {24}
Rf6 {81} 22. f3 {6} Bd7 {6} 23. Rad1 {33} Raf8 {2} 24. Bxb7 {23} Be6 {12} 25.
Bd5 {6} Bc8 {10} 26. a5 {6} g5 {8} 27. Qg2 {4} Qh5 {9} 28. g4 {2} Qe8 {2} 29.
Bc6 {3} Qe7 {4} 30. Ne3 {2} Be6 {2} 31. Bd5 {5} Bc8 {7} 32. Nf5 {12} Bxf5 {1}
33. exf5 {1} Bg7 {1} 34. Rfe1 {2} Qc7 {1} 35. Qa2 {4} Rh6 {3} 36. Rd3 {6} c4 {5
} 37. Qxc4 {7} Qxa5 38. Rde3 {10} Be5 {8} 39. Rxe5 {9} dxe5 {2} 40. Rxe5 {9}
Qa1+ {5} 41. Kg2 {2} Qc1 {12} 42. Re2 {6} Rhf6 {27} 43. Qd4 {3} h5 44. c4 {34}
h4 {2} 45. h3 {32} Kg7 {11} 46. Qxa7+ {3} Kh6 {1} 47. Qe3 {8} 1-0